[Event "Bavaria-ch 94th"]
[Site "Rosenheim"]
[Date "2023.08.23"]
[Round "5"]
[White "Kaiser, Richard"]
[Black "Schulz, Lukas"]
[Result "0-1"]
[WhiteElo "2053"]
[BlackElo "2347"]
[PlyCount "115"]
[EventDate "2023.08.20"]
[EventType "tourn"]
[EventRounds "9"]
[EventCountry "GER"]
[SourceTitle "CBM 215 Extra"]
[Source "ChessBase"]
[SourceDate "2023.09.30"]
[SourceVersion "1"]
[SourceVersionDate "2023.09.30"]
[SourceQuality "1"]

1. d4 Nf6 2. g3 g6 3. Bg2 Bg7 4. e4 d6 5. Ne2 0-0 6. 0-0 Nbd7 7. Nbc3 c5 8. h3 cxd4 9. Nxd4 a6 10. Be3 Qc7 11. f4 Nb6 12. Bf2 Bd7 13. Re1 Nc4 14. b3 Na3 15. Nb1 Nb5 16. c4 Nxd4 17. Bxd4 e5 18. fxe5 dxe5 19. Be3 b5 20. Nd2 Rac8 21. Qe2 Nh5 22. Kh2 f5 23. Bf2 f4 24. g4 Ng3 25. Qf3 Qa5 26. Red1 Be6 27. Be1 Qa3 28. Bxg3 fxg3+ 29. Qxg3 Rfd8 30. Bf1 Rd4 31. Nf3 Rxd1 32. Rxd1 Qxa2+ 33. Rd2 Qxb3 34. cxb5 axb5 35. Qg2 Bc4 36. Be2 Qe3 37. Bxc4+ bxc4 38. Qe2 Qf4+ 39. Kg2 h5 40. g5 h4 41. Qe1 Rf8 42. Nxh4 Qxg5+ 43. Kh1 Rf4 44. Ng2 Rf3 45. h4 Qg4 46. Qe2 Kh7 47. Qxc4 Rh3+ 48. Kg1 Re3 49. h5 gxh5 50. Rd8 Qg6 51. Qg8+ Kh6 52. Qd5 Re2 53. Rd6 Bf6 54. Rxf6 Qxf6 55. Qg8 Qf2+ 56. Kh1 Qxg2+ 57. Qxg2 Rxg2 58. Kxg2 0-1

[Event "Bavaria-ch 94th"]
[Site "Rosenheim"]
[Date "2023.08.22"]
[Round "4"]
[White "Ziemann, Ulrich"]
[Black "Kaiser, Richard"]
[Result "0-1"]
[WhiteElo "1921"]
[BlackElo "2053"]
[PlyCount "24"]
[EventDate "2023.08.20"]
[EventType "tourn"]
[EventRounds "9"]
[EventCountry "GER"]
[SourceTitle "CBM 215 Extra"]
[Source "ChessBase"]
[SourceDate "2023.09.30"]
[SourceVersion "1"]
[SourceVersionDate "2023.09.30"]
[SourceQuality "1"]

1. e4 c5 2. Nc3 e6 3. d4 cxd4 4. Qxd4 Nc6 5. Qd2 Nf6 6. Bb5 Qa5 7. f3 Bb4 8. Nge2 0-0 9. 0-0 d5 10. a3 Bxc3 11. Nxc3 d4 12. Nd5 exd5 0-1

[Event "Mittelfrank Regionalliga Sud-Ost 2223"]
[Site "Mittelfranken"]
[Date "2023.04.23"]
[Round "9.6"]
[White "Lettl, Gerhard"]
[Black "Kaiser, Richard"]
[Result "1/2-1/2"]
[WhiteElo "1970"]
[BlackElo "2055"]
[PlyCount "80"]
[EventDate "2022.10.09"]
[EventType "team-tourn"]
[EventRounds "9"]
[EventCountry "GER"]
[SourceTitle "EXT 2024"]
[Source "ChessBase"]
[SourceDate "2023.10.10"]
[SourceVersion "1"]
[SourceVersionDate "2023.10.10"]
[SourceQuality "1"]
[WhiteTeam "Tegernsee"]
[BlackTeam "Passau II"]
[WhiteTeamCountry "GER"]
[BlackTeamCountry "GER"]

1. e4 e6 2. d4 d5 3. e5 c5 4. c3 Nc6 5. Nf3 Bd7 6. a3 f6 7. exf6 Nxf6 8. Bd3 Qc7 9. 0-0 c4 10. Bc2 Bd6 11. Bg5 0-0-0 12. Nbd2 h6 13. Bh4 g5 14. Bg3 Bxg3 15. fxg3 Ng4 16. Qe2 e5 17. Nxe5 Ncxe5 18. dxe5 Rde8 19. Nf3 Re7 20. Qd2 Rhe8 21. Qd4 Kb8 22. Rae1 Nxe5 23. Nxe5 Rxe5 24. Rxe5 Qxe5 25. Qxe5+ Rxe5 26. Kf2 Bf5 27. Bd1 Kc7 28. h4 Kd6 29. hxg5 hxg5 30. Rh1 Kc5 31. g4 Bd3 32. Rh8 Kd6 33. Rd8+ Kc7 34. Rg8 Be4 35. Bf3 Kb6 36. Bxe4 dxe4 37. Ke3 Kc5 38. Rc8+ Kb6 39. Rxc4 a5 40. Rxe4 Rd5 1/2-1/2

[Event "Mittelfrank Regionalliga Sud-Ost 2223"]
[Site "Mittelfranken"]
[Date "2023.03.05"]
[Round "7.5"]
[White "Kaiser, Richard"]
[Black "Schrader, Jan Erik"]
[Result "1/2-1/2"]
[WhiteElo "2055"]
[BlackElo "1983"]
[PlyCount "87"]
[EventDate "2022.10.09"]
[EventType "team-tourn"]
[EventRounds "9"]
[EventCountry "GER"]
[SourceTitle "EXT 2024"]
[Source "ChessBase"]
[SourceDate "2023.10.10"]
[SourceVersion "1"]
[SourceVersionDate "2023.10.10"]
[SourceQuality "1"]
[WhiteTeam "Passau II"]
[BlackTeam "Groebenzell II"]
[WhiteTeamCountry "GER"]
[BlackTeamCountry "GER"]

1. e4 e6 2. d3 d5 3. Nd2 Nf6 4. Ngf3 Nc6 5. c3 dxe4 6. dxe4 Bc5 7. Bb5 Bd7 8. 0-0 0-0 9. Bd3 e5 10. b4 Bg4 11. Bb5 Bb6 12. Qc2 Re8 13. h3 Bh5 14. Nh4 a6 15. Bxc6 bxc6 16. Nb3 Nd7 17. Nf5 c5 18. Ng3 Bg6 19. Rd1 cxb4 20. cxb4 Qe7 21. Ba3 Red8 22. Qb2 Qg5 23. Nc5 Nf6 24. Qe2 Nh5 25. Rxd8+ Rxd8 26. Nxh5 Bxh5 27. Qxa6 Bf3 28. Qf1 Bxc5 29. bxc5 Bxe4 30. Bc1 Qf6 31. Be3 h6 32. a4 Qc6 33. a5 Bd3 34. Qe1 Ba6 35. f3 Rd3 36. Rd1 Qd5 37. Rxd3 Qxd3 38. Bf2 f6 39. Kh2 Kf8 40. Qb4 Qb5 41. Qd2 Qd3 42. Qb2 Qb5 43. Qd2 Qd3 44. Qb4 1/2-1/2

[Event "Mittelfrank Regionalliga Sud-Ost 2223"]
[Site "Mittelfranken"]
[Date "2022.11.27"]
[Round "3.5"]
[White "Kaiser, Richard"]
[Black "Theiss, Johann"]
[Result "1-0"]
[WhiteElo "2055"]
[BlackElo "1903"]
[PlyCount "117"]
[EventDate "2022.10.09"]
[EventType "team-tourn"]
[EventRounds "9"]
[EventCountry "GER"]
[SourceTitle "EXT 2024"]
[Source "ChessBase"]
[SourceDate "2023.10.10"]
[SourceVersion "1"]
[SourceVersionDate "2023.10.10"]
[SourceQuality "1"]
[WhiteTeam "Passau II"]
[BlackTeam "Landau Dingolfing"]
[WhiteTeamCountry "GER"]
[BlackTeamCountry "GER"]

1. d4 f5 2. e4 fxe4 3. Nc3 Nf6 4. Bg5 Nc6 5. d5 Ne5 6. Qe2 d6 7. Bxf6 exf6 8. Nxe4 Be7 9. f4 Ng6 10. g3 0-0 11. 0-0-0 f5 12. Nf2 Bf6 13. Nf3 Bd7 14. Nd4 Bxd4 15. Rxd4 Qf6 16. Qd2 Rfe8 17. Bg2 Re7 18. Nd1 Rae8 19. Bf3 Nf8 20. Rb4 Bc8 21. Qd4 Qxd4 22. Rxd4 Nd7 23. c4 Nf6 24. Rd3 Bd7 25. Rb3 b6 26. Ra3 a5 27. Rc3 Bc8 28. b3 Bd7 29. Rc2 Kf8 30. Rg1 Bc8 31. Rgg2 Bd7 32. Rge2 Ne4 33. Re3 Nc5 34. Rce2 a4 35. Rxe7 Rxe7 36. Rxe7 Kxe7 37. Kc2 axb3+ 38. axb3 Be8 39. Nc3 Bd7 40. Ne2 g6 41. Nd4 Nb7 42. Kc3 Nd8 43. b4 Nf7 44. Bd1 Nh6 45. Kb2 Ng4 46. Bxg4 fxg4 47. Kc3 h6 48. Nc2 Bf5 49. Ne3 Bc8 50. Kd4 Bf5 51. c5 bxc5+ 52. bxc5 h5 53. cxd6+ cxd6 54. Nxf5+ gxf5 55. Kc4 Kd8 56. Kb5 Kc7 57. Ka6 Kc8 58. Kb6 Kd7 59. Kb7 1-0

[Event "Hessenliga 1921"]
[Site "Hessen"]
[Date "2021.09.05"]
[Round "9.5"]
[White "Bahlo, Jens"]
[Black "Kaiser, Richard"]
[Result "0-1"]
[WhiteElo "1906"]
[BlackElo "2128"]
[PlyCount "90"]
[EventDate "2019.09.22"]
[EventType "team-tourn"]
[EventRounds "9"]
[EventCountry "GER"]
[SourceTitle "EXT 2024"]
[Source "ChessBase"]
[SourceDate "2023.10.10"]
[SourceVersion "1"]
[SourceVersionDate "2023.10.10"]
[SourceQuality "1"]
[WhiteTeam "Giessen"]
[BlackTeam "Bad Homburg"]
[WhiteTeamCountry "GER"]
[BlackTeamCountry "GER"]

1. e4 d6 2. d3 c5 3. Be2 Nc6 4. f4 g6 5. Nf3 Bg7 6. 0-0 e6 7. c3 Nge7 8. Be3 Qc7 9. Na3 a6 10. Nc2 b6 11. Qe1 Bb7 12. a4 h6 13. Bd2 0-0 14. Ne3 Rae8 15. Bd1 d5 16. e5 Nf5 17. d4 Nxe3 18. Bxe3 Na5 19. Rb1 Nc4 20. Bf2 Rb8 21. b3 Na5 22. Bh4 Rfc8 23. Qg3 cxd4 24. cxd4 Qc3 25. Be7 Qe3+ 26. Kh1 Qd3 27. Be2 Qxe2 28. Nh4 Rc2 29. f5 exf5 30. e6 Qxe6 31. Qxb8+ Kh7 32. Rbe1 Re2 33. Bb4 Nc6 34. Qxb7 Nxb4 35. Nf3 Nd3 36. Rd1 Nf2+ 37. Rxf2 Rxf2 38. Qxa6 Re2 39. Qd3 Re3 40. Qb1 Qe4 41. b4 Ra3 42. a5 bxa5 43. b5 a4 44. Qb4 Rxf3 45. Re1 Re3 0-1

[Event "Hessenliga 1921"]
[Site "Hessen"]
[Date "2020.02.16"]
[Round "6.6"]
[White "Hagner, Bennet"]
[Black "Kaiser, Richard"]
[Result "0-1"]
[WhiteElo "1859"]
[BlackElo "2128"]
[PlyCount "134"]
[EventDate "2019.09.22"]
[EventType "team-tourn"]
[EventRounds "9"]
[EventCountry "GER"]
[SourceTitle "EXT 2024"]
[Source "ChessBase"]
[SourceDate "2023.10.10"]
[SourceVersion "1"]
[SourceVersionDate "2023.10.10"]
[SourceQuality "1"]
[WhiteTeam "Frankfurt TV"]
[BlackTeam "Bad Homburg"]
[WhiteTeamCountry "GER"]
[BlackTeamCountry "GER"]

1. e4 d6 2. d4 Nf6 3. Nc3 c6 4. a4 e5 5. Nf3 Nbd7 6. Bc4 Be7 7. 0-0 0-0 8. h3 Qc7 9. Be3 h6 10. Qe2 Re8 11. Nh4 Nf8 12. Qf3 Be6 13. Bxe6 Nxe6 14. Nf5 exd4 15. Bxd4 Nxd4 16. Nxd4 g6 17. Rad1 Nd7 18. Qg3 Kh7 19. f4 Bf8 20. Kh1 Rad8 21. Rd2 a5 22. Rfd1 Nc5 23. Qf3 Qe7 24. Re2 Qf6 25. Red2 Rd7 26. Nb3 Nxb3 27. cxb3 Qe6 28. e5 d5 29. Qe3 f6 30. Qb6 fxe5 31. fxe5 Bb4 32. Re2 Qf5 33. Qe3 Rde7 34. Rde1 Rf8 35. e6 Qf6 36. Rd1 Qf4 37. Qxf4 Rxf4 38. Na2 Bd6 39. Rde1 Kg7 40. Kg1 Bc5+ 41. Kh1 Rf6 42. Re5 Bf2 43. Rd1 Rfxe6 44. Rxe6 Rxe6 45. b4 axb4 46. Nxb4 Re4 47. Nd3 Bg3 48. b3 b6 49. Kg1 h5 50. Kf1 Kf6 51. Rc1 c5 52. a5 c4 53. Nb4 cxb3 54. Nxd5+ Ke6 55. Nc3 Rf4+ 56. Kg1 Bf2+ 57. Kh2 bxa5 58. Ra1 Rc4 59. Nd1 Bd4 60. Rxa5 Rc1 61. Rb5 Rxd1 62. Rxb3 Be5+ 63. g3 h4 64. Kg2 Rd2+ 65. Kg1 hxg3 66. h4 g2 67. h5 Bd4+ 0-1

[Event "Hessenliga 1921"]
[Site "Hessen"]
[Date "2019.10.27"]
[Round "2.5"]
[White "Kues, Jarl Hendrik"]
[Black "Kaiser, Richard"]
[Result "1/2-1/2"]
[WhiteElo "2149"]
[BlackElo "2128"]
[PlyCount "109"]
[EventDate "2019.09.22"]
[EventType "team-tourn"]
[EventRounds "9"]
[EventCountry "GER"]
[SourceTitle "EXT 2024"]
[Source "ChessBase"]
[SourceDate "2023.10.10"]
[SourceVersion "1"]
[SourceVersionDate "2023.10.10"]
[SourceQuality "1"]
[WhiteTeam "Frankfurt Bvk"]
[BlackTeam "Bad Homburg"]
[WhiteTeamCountry "GER"]
[BlackTeamCountry "GER"]

1. d4 Nf6 2. Bf4 c5 3. e3 d5 4. Nc3 e6 5. Nb5 Na6 6. c3 Qb6 7. a4 cxd4 8. exd4 Be7 9. Bd3 0-0 10. Nf3 Bd7 11. Ne5 Bxb5 12. axb5 Nc7 13. Qe2 Rfd8 14. 0-0 Nce8 15. Bg5 Nd6 16. Rae1 Re8 17. Qf3 Nfe4 18. Bc1 Rad8 19. Qh3 g6 20. Bh6 Nf5 21. Bc1 f6 22. Ng4 h5 23. Nh6+ Kg7 24. Nxf5+ exf5 25. Qe3 Ng5 26. h4 Nf7 27. Qf3 Qd6 28. Re2 Qd7 29. Rfe1 Bd6 30. Rxe8 Rxe8 31. Rxe8 Qxe8 32. Bd2 Qe6 33. Qe2 Qd7 34. g3 Bc7 35. Kg2 Nd6 36. Qe3 Nf7 37. Qf3 Nh6 38. Bxh6+ Kxh6 39. Qe3+ Kg7 40. Be2 b6 41. Bf3 Bb8 42. Qe1 f4 43. gxf4 Bxf4 44. Qa1 Bb8 45. Qa3 Kf7 46. Qb3 Ke6 47. c4 dxc4 48. Qxc4+ Ke7 49. Qg8 Qe8 50. Qd5 Qd7 51. Qg8 Qe8 52. Qb3 Kf8 53. Qd5 Qe7 54. Kf1 Qd6 55. Qb7 1/2-1/2

[Event "Landesliga Sued 1920"]
[Site "Bayern"]
[Date "2019.10.20"]
[Round "1.3"]
[White "Kaiser, Richard"]
[Black "Unger, Michael"]
[Result "1-0"]
[WhiteElo "2094"]
[BlackElo "2102"]
[PlyCount "117"]
[EventDate "2019.09.29"]
[EventType "team-tourn"]
[EventRounds "9"]
[EventCountry "GER"]
[SourceTitle "EXT 2021"]
[Source "ChessBase"]
[SourceDate "2020.10.23"]
[SourceVersion "1"]
[SourceVersionDate "2020.10.23"]
[SourceQuality "1"]
[WhiteTeam "Passau II"]
[BlackTeam "Muenchen SC II"]
[WhiteTeamCountry "GER"]
[BlackTeamCountry "GER"]

1. d4 Nf6 2. Bf4 e6 3. e3 d5 4. Nd2 Bd6 5. Bg3 c5 6. c3 Qc7 7. Bd3 Nbd7 8. Bxd6 Qxd6 9. f4 b6 10. Nh3 Bb7 11. Qf3 h6 12. Nf2 0-0-0 13. 0-0-0 Kb8 14. Kb1 Ne8 15. e4 cxd4 16. e5 Qe7 17. cxd4 Nc7 18. Qe2 Qb4 19. Nf3 b5 20. Qd2 Qxd2 21. Rxd2 b4 22. h4 Nb6 23. b3 Ba6 24. Bxa6 Nxa6 25. Nd3 Rc8 26. Rc1 Rxc1+ 27. Kxc1 Rc8+ 28. Rc2 Rxc2+ 29. Kxc2 Kc7 30. h5 Nc8 31. g4 Ne7 32. Kd2 Kb6 33. Nh4 Kb5 34. f5 Nc7 35. Nf4 Ng8 36. fxe6 Nxe6 37. Nxe6 fxe6 38. Ng6 Kc6 39. Nf8 Ne7 40. Nxe6 g6 41. hxg6 Nxg6 42. Ke3 a6 43. Ng7 Kd7 44. Nf5 Nf8 45. Nxh6 Ne6 46. Nf5 Ke8 47. Ng3 Kf7 48. Ne2 Kg7 49. Nf4 Nc7 50. g5 Kf7 51. Kf3 Nb5 52. g6+ Kg7 53. Nxd5 Nxd4+ 54. Ke4 Nc6 55. Nf4 a5 56. Kd5 Ne7+ 57. Kd6 Nf5+ 58. Kd7 Kf8 59. e6 1-0

[Event "Taufkirchen Innviertler-ch 21st"]
[Site "Taufkirchen"]
[Date "2019.08.25"]
[Round "5.1"]
[White "Traunwieser, Georg"]
[Black "Kaiser, Richard"]
[Result "1-0"]
[WhiteElo "2089"]
[BlackElo "2071"]
[PlyCount "75"]
[EventDate "2019.08.23"]
[EventType "swiss"]
[EventRounds "5"]
[EventCountry "AUT"]
[SourceTitle "EXT 2024"]
[Source "ChessBase"]
[SourceDate "2023.10.10"]
[SourceVersion "1"]
[SourceVersionDate "2023.10.10"]
[SourceQuality "1"]

1. f4 e5 2. fxe5 d6 3. exd6 Bxd6 4. Nf3 Nf6 5. g3 h5 6. d3 h4 7. gxh4 Ng4 8. c3 Bxh2 9. Qa4+ Kf8 10. Rxh2 Nxh2 11. Nxh2 Rxh4 12. Qa3+ Kg8 13. Nf3 Rh1 14. Bg5 f6 15. Qb3+ Kh7 16. Bf4 Qe7 17. Qd5 Kh8 18. Nbd2 c6 19. Qe4 Qxe4 20. Nxe4 Bh3 21. Ng3 Rxf1+ 22. Nxf1 Bxf1 23. Kxf1 Nd7 24. Kf2 g5 25. Bg3 Kg7 26. Rh1 Kg6 27. e4 Nc5 28. Ke3 f5 29. Ne5+ Kg7 30. exf5 Kf6 31. d4 Na4 32. Ke4 Kg7 33. Nc4 Rg8 34. Be5+ Kf8 35. Rh7 g4 36. Nd6 Rg5 37. Rxb7 g3 38. Bf6 1-0

[Event "Regionalliga Sued-Ost 1819"]
[Site "Bayern"]
[Date "2019.02.24"]
[Round "7.4"]
[White "Kaiser, Richard"]
[Black "Litzka, Matthias"]
[Result "1-0"]
[WhiteElo "2056"]
[BlackElo "2056"]
[PlyCount "129"]
[EventDate "2018.10.21"]
[EventType "team-tourn"]
[EventRounds "9"]
[EventCountry "GER"]
[SourceTitle "EXT 2022"]
[Source "ChessBase"]
[SourceDate "2021.10.06"]
[SourceVersion "1"]
[SourceVersionDate "2021.10.06"]
[SourceQuality "1"]
[WhiteTeam "Passau II"]
[BlackTeam "Starnberg SC"]
[WhiteTeamCountry "GER"]
[BlackTeamCountry "GER"]

1. d4 c5 2. d5 Nf6 3. Nc3 d6 4. e4 g6 5. Nf3 Bg7 6. Bb5+ Bd7 7. a4 0-0 8. 0-0 Na6 9. Re1 Nb4 10. h3 e6 11. Bf4 e5 12. Bg5 h6 13. Bxf6 Bxf6 14. Nd2 Bg5 15. Nc4 Bc8 16. Na3 f5 17. Be2 Qf6 18. Rf1 Kh7 19. Bf3 Qe7 20. Nc4 Na6 21. Nb5 Rd8 22. Qd3 Nc7 23. Nxc7 Qxc7 24. Kh2 Qe7 25. a5 Bd7 26. Ra3 Rab8 27. Rb3 Rf8 28. Qe2 Ba4 29. Ra3 Bd7 30. Rb3 Ba4 31. Rc3 Qd7 32. b3 Bb5 33. Ra1 Bd8 34. Kg1 Bc7 35. h4 Qf7 36. h5 Bd7 37. hxg6+ Qxg6 38. exf5 Bxf5 39. Ne3 Bd7 40. Rc4 Bb5 41. Raa4 Kh8 42. Qd1 Bxc4 43. Rxc4 Rf4 44. Rxf4 exf4 45. Nc4 Qf6 46. Qe2 Rf8 47. Qe4 Qf5 48. Qe2 b5 49. axb6 axb6 50. Na3 Qe5 51. Qxe5+ dxe5 52. Nb5 Bd8 53. Be4 Kg7 54. Kf1 Bh4 55. d6 Kf6 56. Bd5 Rd8 57. f3 Kf5 58. c4 Rd7 59. Bc6 Rg7 60. Nc7 Bd8 61. Be4+ Kg5 62. Ne6+ Kf6 63. Nxd8 Rd7 64. Nb7 Ke6 65. Bd5+ 1-0

[Event "Regionalliga Sued-Ost 1819"]
[Site "Bayern"]
[Date "2018.12.16"]
[Round "4.4"]
[White "Peter, Christian"]
[Black "Kaiser, Richard"]
[Result "1/2-1/2"]
[WhiteElo "1991"]
[BlackElo "2056"]
[PlyCount "74"]
[EventDate "2018.10.21"]
[EventType "team-tourn"]
[EventRounds "9"]
[EventCountry "GER"]
[SourceTitle "EXT 2022"]
[Source "ChessBase"]
[SourceDate "2021.10.06"]
[SourceVersion "1"]
[SourceVersionDate "2021.10.06"]
[SourceQuality "1"]
[WhiteTeam "Ebersberg Grafing"]
[BlackTeam "Passau II"]
[WhiteTeamCountry "GER"]
[BlackTeamCountry "GER"]

1. Nf3 f5 2. d4 Nf6 3. Bf4 e6 4. e3 b6 5. c4 Bb7 6. Nc3 Be7 7. Be2 0-0 8. 0-0 Nh5 9. d5 Nxf4 10. exf4 exd5 11. cxd5 Bd6 12. g3 Qf6 13. Re1 Na6 14. Bb5 Rad8 15. Ne5 Nb8 16. Rc1 a6 17. Bc4 Kh8 18. a3 g6 19. h4 Qg7 20. Qe2 Rde8 21. Rcd1 Re7 22. Qd2 Rfe8 23. Nf3 h6 24. Rxe7 Rxe7 25. Re1 Kh7 26. Rxe7 Bxe7 27. h5 Bf6 28. hxg6+ Qxg6 29. Ne5 Qh5 30. Bd3 Kg7 31. Be2 Qe8 32. Nf3 c5 33. Bd3 Qh5 34. Be2 Qe8 35. Bd3 Qh5 36. Be2 Qe8 37. Bd3 Qh5 1/2-1/2

[Event "Regionalliga Sued-Ost 1819"]
[Site "Bayern"]
[Date "2018.11.25"]
[Round "3.4"]
[White "Kaiser, Richard"]
[Black "Senftleben, Oliver"]
[Result "1-0"]
[WhiteElo "2056"]
[BlackElo "2024"]
[PlyCount "65"]
[EventDate "2018.10.21"]
[EventType "team-tourn"]
[EventRounds "9"]
[EventCountry "GER"]
[SourceTitle "EXT 2022"]
[Source "ChessBase"]
[SourceDate "2021.10.06"]
[SourceVersion "1"]
[SourceVersionDate "2021.10.06"]
[SourceQuality "1"]
[WhiteTeam "Passau II"]
[BlackTeam "Ingolstadt"]
[WhiteTeamCountry "GER"]
[BlackTeamCountry "GER"]

1. d4 Nf6 2. Bf4 g6 3. Nc3 Bg7 4. e4 d6 5. Qd2 c6 6. 0-0-0 Qa5 7. Kb1 Nh5 8. Bh6 0-0 9. f3 b5 10. g4 b4 11. Nce2 Nf6 12. Ng3 c5 13. d5 Ba6 14. h4 Bxf1 15. Rxf1 Bh8 16. Bxf8 Kxf8 17. h5 c4 18. hxg6 fxg6 19. g5 Nfd7 20. Rxh7 Bxb2 21. Qf4+ Ke8 22. Kxb2 Ne5 23. Rh8+ Kd7 24. Qf8 Qa3+ 25. Ka1 Kc7 26. N1e2 b3 27. cxb3 cxb3 28. Nc3 b2+ 29. Kb1 Kb6 30. Qd8+ Kc5 31. Qc7+ Nbc6 32. Rh2 Qxc3 33. Rc2 1-0

[Event "Niederbayern-ch"]
[Site "Vilshofen"]
[Date "2017.04.23"]
[Round "7"]
[White "Huber, Florian"]
[Black "Kaiser, Richard"]
[Result "1/2-1/2"]
[WhiteElo "1814"]
[BlackElo "2099"]
[PlyCount "168"]
[EventDate "2017.04.20"]
[EventType "swiss"]
[EventRounds "7"]
[EventCountry "GER"]
[SourceTitle "EXT 2023"]
[Source "ChessBase"]
[SourceDate "2022.10.05"]
[SourceVersion "1"]
[SourceVersionDate "2022.10.05"]
[SourceQuality "1"]

1. d4 e6 2. Nf3 Nf6 3. e3 d6 4. Bd3 g6 5. b3 Bg7 6. Bb2 0-0 7. 0-0 Nbd7 8. Nbd2 b6 9. c4 Bb7 10. Re1 e5 11. Qc2 Qe7 12. dxe5 dxe5 13. e4 Rfe8 14. a3 a5 15. Nb1 Nh5 16. Nc3 c6 17. Rad1 Rad8 18. Bf1 Bc8 19. Na4 Nc5 20. Nxb6 Bg4 21. Be2 Rb8 22. b4 axb4 23. axb4 Rxb6 24. bxc5 Qxc5 25. Bc1 Qe7 26. Be3 c5 27. Rd5 Rc6 28. Qa4 Rcc8 29. Bxc5 Qb7 30. Be3 Nf6 31. Qb5 Qxb5 32. Rxb5 Nxe4 33. Rc1 Nd6 34. Rb2 e4 35. Nd4 Bxe2 36. Rxe2 Rxc4 37. Rxc4 Nxc4 38. Nc6 Ra8 39. g3 Ra6 40. Ne7+ Kh8 41. Bc5 f5 42. g4 Ra5 43. gxf5 Rxc5 44. fxg6 Re5 45. Ra2 Rxe7 46. Ra8+ Bf8 47. Rxf8+ Kg7 48. gxh7 Kxh7 49. Kf1 Kg7 50. Rf4 Nd6 51. Kg2 Kg6 52. h4 Re5 53. Kg3 Nf5+ 54. Kg4 Nh6+ 55. Kh3 Kh5 56. Rf8 Nf5 57. Rh8+ Kg6 58. Kg4 Nd6 59. Rg8+ Kf7 60. Rg5 Re6 61. Kf4 Rh6 62. h5 Ke7 63. Rg7+ Nf7 64. Kxe4 Rxh5 65. f4 Kf6 66. Rg1 Rh4 67. Rg8 Nd6+ 68. Kf3 Rh1 69. Ra8 Rf1+ 70. Kg4 Ke6 71. Ra5 Nc4 72. Rb5 Ne3+ 73. Kg3 Nd5 74. Ra5 Nxf4 75. Ra6+ Ke5 76. Ra5+ Ke4 77. Ra4+ Ke3 78. Kg4 Ne6 79. Ra3+ Ke4 80. Ra4+ Nd4 81. Kg5 Rf8 82. Kg6 Ke5 83. Ra5+ Kd6 84. Kg5 Ne6+ 1/2-1/2

[Event "Niederbayern-ch"]
[Site "Vilshofen"]
[Date "2017.04.22"]
[Round "6"]
[White "Kaiser, Richard"]
[Black "Bielmeier, Ludwig"]
[Result "1/2-1/2"]
[WhiteElo "2099"]
[BlackElo "2055"]
[PlyCount "80"]
[EventDate "2017.04.20"]
[EventType "swiss"]
[EventRounds "7"]
[EventCountry "GER"]
[SourceTitle "EXT 2023"]
[Source "ChessBase"]
[SourceDate "2022.10.05"]
[SourceVersion "1"]
[SourceVersionDate "2022.10.05"]
[SourceQuality "1"]

1. d4 Nf6 2. Bf4 g6 3. Nc3 d5 4. e3 Bg7 5. h4 h6 6. Bd3 Bf5 7. Bxf5 gxf5 8. Qf3 Ne4 9. Nxe4 dxe4 10. Qg3 Kf8 11. Bxc7 Qc8 12. 0-0-0 Na6 13. Ba5 Qc4 14. Kb1 Rc8 15. Nh3 Rg8 16. Qf4 Qd5 17. Bc3 Nc7 18. Qh2 Qb5 19. Bd2 Ke8 20. Nf4 Bf8 21. c4 Qa6 22. Rc1 e6 23. Nh5 Bd6 24. Nf6+ Kf8 25. g3 Rg6 26. Nh5 Ne8 27. Nf4 Bxf4 28. gxf4 Rxc4 29. Rxc4 Qxc4 30. Ka1 e5 31. Rc1 Qa4 32. fxe5 Ra6 33. a3 Qb3 34. Rc3 Qd1+ 35. Bc1 Rc6 36. Rxc6 bxc6 37. Kb1 Qd3+ 38. Ka1 Qd1 39. Kb1 Qd3+ 40. Ka1 Qd1 1/2-1/2

[Event "Hessenliga 1617"]
[Site "Hessen"]
[Date "2017.02.05"]
[Round "6.3"]
[White "Neumann, Martin"]
[Black "Kaiser, Richard"]
[Result "0-1"]
[WhiteElo "2039"]
[BlackElo "2147"]
[PlyCount "82"]
[EventDate "2016.09.18"]
[EventType "team-tourn"]
[EventRounds "9"]
[EventCountry "GER"]
[SourceTitle "EXT 2018"]
[Source "ChessBase"]
[SourceDate "2017.10.13"]
[SourceVersion "1"]
[SourceVersionDate "2017.10.13"]
[SourceQuality "1"]
[WhiteTeam "Gernsheim"]
[BlackTeam "Bad Homburg"]
[WhiteTeamCountry "GER"]
[BlackTeamCountry "GER"]

1. d4 d6 2. Nf3 Nf6 3. Nc3 c6 4. e4 Bg4 5. Be2 e6 6. 0-0 d5 7. Bg5 h6 8. Bxf6 Qxf6 9. exd5 exd5 10. Ne5 Bf5 11. Re1 Be7 12. Bf3 0-0 13. Bxd5 cxd5 14. Nxd5 Qd6 15. Nxe7+ Qxe7 16. Ng6 Qd7 17. Nxf8 Kxf8 18. d5 Na6 19. a3 Rc8 20. Rc1 b5 21. f3 Rc5 22. d6 Be6 23. Qd3 Kg8 24. Red1 Rd5 25. Qxd5 Bxd5 26. Rxd5 Nb8 27. c4 Qc6 28. Rxb5 Qxd6 29. Rd5 Qb6+ 30. c5 Qxb2 31. Rcd1 Kh7 32. R1d3 Na6 33. c6 Qb6+ 34. Kf1 Qxc6 35. Rd6 Qc4 36. Kf2 Nc5 37. R3d4 Qa2+ 38. Kg3 Qxa3 39. Rc6 Qe3 40. Rc4 Nd3 41. h3 Qe5+ 0-1

[Event "Hessenliga 1617"]
[Site "Hessen"]
[Date "2016.11.06"]
[Round "3.3"]
[White "Schnitzspan, Lothar"]
[Black "Kaiser, Richard"]
[Result "1-0"]
[WhiteElo "2298"]
[BlackElo "2147"]
[PlyCount "89"]
[EventDate "2016.09.18"]
[EventType "team-tourn"]
[EventRounds "9"]
[EventCountry "GER"]
[SourceTitle "EXT 2018"]
[Source "ChessBase"]
[SourceDate "2017.10.13"]
[SourceVersion "1"]
[SourceVersionDate "2017.10.13"]
[SourceQuality "1"]
[WhiteTeam "Griesheim II"]
[BlackTeam "Bad Homburg"]
[WhiteTeamCountry "GER"]
[BlackTeamCountry "GER"]

1. Nf3 g6 2. d4 Nf6 3. g3 Bg7 4. Bg2 0-0 5. 0-0 c5 6. c4 Nc6 7. Nc3 d6 8. dxc5 dxc5 9. Be3 Qa5 10. Bd2 Qc7 11. Bf4 Qa5 12. Qb3 Qa6 13. Qb5 Qxb5 14. cxb5 Nd4 15. e3 Ne6 16. Be5 Bd7 17. Rfd1 Rad8 18. Nd2 Bc8 19. Bb8 a6 20. bxa6 bxa6 21. Nc4 Nd7 22. Ba7 Ne5 23. Nb6 Rd3 24. Be4 Rxd1+ 25. Rxd1 Ng5 26. Nbd5 Nxe4 27. Nxe7+ Kh8 28. Nxe4 Bg4 29. Rb1 Re8 30. Bxc5 Nd3 31. Ba3 Nxb2 32. Ng5 h6 33. Nxf7+ Kh7 34. Bxb2 Rxe7 35. Bxg7 Kxg7 36. Nd6 Bf3 37. h3 Rd7 38. Rb6 Kf6 39. g4 Kg5 40. Kh2 Kh4 41. e4 Rc7 42. Rb3 Bd1 43. Rd3 Ba4 44. Rd4 Bd7 45. Nc4 1-0

[Event "Rhein Main op-A 19th"]
[Site "Bad Homburg"]
[Date "2016.05.29"]
[Round "7"]
[White "Kaiser, Richard"]
[Black "Schmid, Eugen"]
[Result "1/2-1/2"]
[WhiteElo "2182"]
[BlackElo "1990"]
[PlyCount "110"]
[EventDate "2016.05.25"]
[EventType "swiss"]
[EventRounds "7"]
[EventCountry "GER"]
[SourceTitle "EXT 2017"]
[Source "ChessBase"]
[SourceDate "2016.10.25"]
[SourceVersion "1"]
[SourceVersionDate "2016.10.25"]
[SourceQuality "1"]

1. e4 e6 2. d4 d5 3. e5 c5 4. c3 Nc6 5. Nf3 Bd7 6. a3 a5 7. Bd3 Nge7 8. 0-0 Ng6 9. Qe2 Be7 10. dxc5 Qc7 11. Re1 Bxc5 12. h4 f6 13. exf6 gxf6 14. h5 Nge5 15. Bf4 Bd6 16. Nd4 Nxd4 17. cxd4 Nxd3 18. Bxd6 Qxd6 19. Qxd3 Kf7 20. Nd2 Rag8 21. Nf1 Rg5 22. Ng3 Rg4 23. Rac1 Bc6 24. Re3 Qf4 25. Rce1 Bd7 26. Qc2 Qd6 27. Qd3 Rg5 28. Rf3 h6 29. Rc1 Bc6 30. Re1 Bd7 31. Qe3 Rhg8 32. Rf4 Qc7 33. Qf3 Qd8 34. Re3 Bc6 35. Qe2 Bd7 36. Ref3 f5 37. Qe5 Qb8 38. Qe1 a4 39. Qe3 Qd6 40. Kh2 R8g7 41. Kg1 Kg8 42. Qd2 Kh7 43. Rc3 Bc6 44. Kf1 Kh8 45. Ke1 Kh7 46. Kd1 Be8 47. Rh4 Bc6 48. Ke1 Rg4 49. Rxg4 Rxg4 50. Rf3 Rg5 51. Rf4 Be8 52. Rh4 Bb5 53. Rf4 Be8 54. Rh4 Bb5 55. Rf4 Be8 1/2-1/2